Cities Of Israel - Statistics

General Stats
  • This quiz has been taken 15 times
  • The average score is 11 of 51
Answer Stats
Answer % Correct
Jerusalem
100%
Haifa
80%
Ashdod
67%
Netanya
60%
Ashkelon
53%
Bat Yam
47%
Eilat
47%
Tel Aviv Yafo
47%
Nazareth
40%
Be`er Sheva
33%
Holon
33%
Lod
33%
Petah Tikva
33%
Ramla
33%
Rehovot
33%
Acre
27%
Afula
27%
Afula
27%
Bnei Brak
27%
Dimona
27%
Hadera
27%
Hadera
27%
Kiryat Gat
20%
Netivot
20%
Arad
13%
Bet Shemesh
13%
El`ad
13%
Herzliya
13%
Kiryat Bialik
13%
Kiryat Yam
13%
Ra`anana
13%
Ramat Hasharon
13%
Tiberias
13%
Giv`atayim
7%
Hod Hasharon
7%
Karmiel
7%
Kiryat Ono
7%
Rishon LeTsiyon
7%
Safed
7%
Yokne`am Illit
7%
Beit She`an
0%
Kefar Sava
0%
Ma`alot Tarshiha
0%
Modi`in Maccabim-Reut
0%
Naharyya
0%
Ness Ziona
0%
Nof Hagalil
0%
Qalansawe
0%
Tamra
0%
Tayibe
0%
Umm al-Fahm
0%
No matching quizzes found
Score Distribution
Percent of People with Each Score
Percentile by Number Answered
Your Score History
You have not taken this quiz